Manažerské účetnictví v podmínkách tržního hospodářství
Gespeichert in:
| Format: | Buch |
|---|---|
| Sprache: | Tschechisch |
| Veröffentlicht: |
Praha
TRIZONIA
1993
|
| Ausgabe: | 1. vyd. |
| Schriftenreihe: | Příručky praktických podnikatelů
Sv.20 |
| Schlagworte: | |
| Tags: |
Keine Tags, Fügen Sie das erste Tag hinzu!
|
MARC
| LEADER | 00000nam a2200000 4500 | ||
|---|---|---|---|
| 001 | c005768 | ||
| 005 | 20221206074722.7 | ||
| 020 | |a 80-85573-23-7 | ||
| 041 | 0 | |a cze | |
| 044 | |a CZ | ||
| 245 | 1 | 0 | |a Manažerské účetnictví v podmínkách tržního hospodářství |
| 250 | |a 1. vyd. | ||
| 264 | 1 | |a Praha |b TRIZONIA |c 1993 | |
| 300 | |a 256 s. | ||
| 490 | 1 | |a Příručky praktických podnikatelů |v Sv.20 | |
| 830 | 0 | |a Příručky praktických podnikatelů |v Sv.20 | |
| 610 | 2 | 0 | |a účtovníctvo |
| 610 | 2 | 0 | |a manažment |
| 610 | 2 | 0 | |a riadenie |
| 610 | 2 | 0 | |a účtovníctvo vnútropodnikové |
| 610 | 2 | 0 | |a metódy riadenia |
| 610 | 2 | 0 | |a plánovanie podnikové |
| 610 | 2 | 0 | |a rozpočet podnikový |
| 610 | 2 | 0 | |a rozhodovanie |
| 610 | 2 | 0 | |a ceny |